Statistics for Engineers and scientists
Salvato in:
| Autore principale: | |
|---|---|
| Natura: | Libro |
| Lingua: | inglese |
| Pubblicazione: |
McGraw Hill Education
2020
|
| Tags: |
Aggiungi Tag
Nessun Tag, puoi essere il primo ad aggiungerne!!
|
MARC
| LEADER | 00000nam a22000007a 4500 | ||
|---|---|---|---|
| 008 | 210727b ||||| |||| 00| 0 eng d | ||
| 020 | |a 9781260547887 | ||
| 100 | |a NAVIDI William | ||
| 245 | |a Statistics for Engineers and scientists |c William Navidi |g XIV, 922p. : ill. | ||
| 250 | |b 5th ed. | ||
| 260 | |b McGraw Hill Education |c 2020 |h New York |i 696483 |i 696484 |l QA 276 . 4N22 |m Mathematical Statistics ... Simulation methods |m Bootstrap (Statistics) |m LINEAR MODELS (Statistics) |m Engineering .... Statistics methods |m Science ... Statistical methods | ||
| 500 | |a It includes index | ||
| 942 | |a lcc |c BK |e ADEYEYE Y. S. |f 27 - 07 - 2021 | ||
| 952 | |0 0 |1 0 |2 lcc |4 0 |6 QA02764 N22 |7 0 |9 2839 |a HOL |b TL |c QZ |d 2021-07-27 |l 0 |o QA 276 .4 N22 |p 2021-66501 |r 2021-07-27 00:00:00 |w 2021-07-27 |y BK | ||
| 952 | |0 0 |1 0 |2 lcc |4 0 |6 QA02764 N22 |7 0 |9 2840 |a HOL |b TL |c QZ |d 2021-07-27 |l 0 |o QA 276 .4 N22 |p 2021-66502 |r 2021-07-27 00:00:00 |w 2021-07-27 |y BK | ||
| 999 | |c 1473 |d 1473 | ||